[Event "Campeonato de España Rapid 2017"]
[Site "Linares"]
[Date "2017.08.13"]
[Round "5"]
[White "Oliva Castaneda, Kevel"]
[Black "Merario Alarcon, Andres"]
[Result "1-0"]
[Board "15"]
[WhiteTitle "IM"]
[WhiteElo "2516"]
[WhiteCountry "CUB"]
[WhiteFideId "3500799"]
[WhiteEloChange "2"]
[BlackElo "2267"]
[BlackCountry "ESP"]
[BlackFideId "24522767"]
[BlackEloChange "-4"]

1. d4 {[%clk 0:14:47]} d5 {[%clk 0:15:08]} 2. c4 {[%clk 0:14:50]} e6 {[%clk
0:15:12]} 3. Nf3 {[%clk 0:14:53]} Nf6 {[%clk 0:15:15]} 4. g3 {[%clk 0:14:57]}
Bb4+ {[%clk 0:15:18]} 5. Bd2 {[%clk 0:15:01]} Be7 {[%clk 0:15:22]} 6. Bg2 {[%clk
0:15:05]} O-O {[%clk 0:15:24]} 7. O-O {[%clk 0:15:09]} c6 {[%clk 0:15:28]} 8. Qc2
{[%clk 0:15:13]} b6 {[%clk 0:15:32]} 9. Bf4 {[%clk 0:15:14]} Bb7 {[%clk 0:15:35]}
10. Nbd2 {[%clk 0:15:15]} Nh5 {[%clk 0:14:49]} 11. Be3 {[%clk 0:15:17]} Nd7
{[%clk 0:14:42]} 12. Rad1 {[%clk 0:14:10]} Rc8 {[%clk 0:14:18]} 13. Ne5 {[%clk
0:14:04]} Nhf6 {[%clk 0:13:59]} 14. Ndf3 {[%clk 0:13:46]} c5 {[%clk 0:13:10]} 15.
dxc5 {[%clk 0:13:25]} Nxc5 {[%clk 0:12:03]} 16. Qb1 {[%clk 0:11:05]} Qc7 {[%clk
0:11:21]} 17. cxd5 {[%clk 0:09:10]} Bxd5 {[%clk 0:11:05]} 18. Rc1 {[%clk
0:09:03]} Qb7 {[%clk 0:10:56]} 19. Bd4 {[%clk 0:08:57]} h6 {[%clk 0:10:47]} 20.
Rfd1 {[%clk 0:08:31]} Qa6 {[%clk 0:10:14]} 21. b4 {[%clk 0:07:44]} Nce4 {[%clk
0:08:57]} 22. b5 {[%clk 0:07:22]} Qa4 {[%clk 0:06:45]} 23. Nc6 {[%clk 0:06:27]}
Ba3 {[%clk 0:06:12]} 24. Bxf6 {[%clk 0:06:10]} Nxf6 {[%clk 0:05:54]} 25. Rd4
{[%clk 0:06:08]} Qa5 {[%clk 0:03:36]} 26. Nfe5 {[%clk 0:06:06]} Bxc1 {[%clk
0:02:05]} 27. Nxa5 {[%clk 0:05:59]} bxa5 {[%clk 0:02:06]} 28. Bxd5 {[%clk
0:06:02]} Nxd5 {[%clk 0:01:57]} 29. Nc6 {[%clk 0:06:02]} Bg5 {[%clk 0:01:51]} 30.
e4 {[%clk 0:05:43]} Ne7 {[%clk 0:01:14]} 31. Rc4 {[%clk 0:05:22]} Nxc6 {[%clk
0:01:12]} 32. bxc6 {[%clk 0:05:21]} Rc7 {[%clk 0:01:14]} 33. Qb5 {[%clk 0:05:07]}
Bd2 {[%clk 0:00:49]} 34. Rd4 {[%clk 0:05:10]} Bc3 {[%clk 0:00:47]} 35. Rd7 {[%clk
0:05:12]} Rxd7 {[%clk 0:00:30]} 36. cxd7 {[%clk 0:05:16]} Rd8 {[%clk 0:00:24]}
37. Qc5 {[%clk 0:04:51]} Bb4 {[%clk 0:00:27]} 38. Qc7 {[%clk 0:04:52]} Be7 {[%clk
0:00:27]} 39. Qxa7 {[%clk 0:04:51]} g6 {[%clk 0:00:21]} 40. e5 {[%clk 0:04:51]}
Bb4 {[%clk 0:00:17]} 41. Qc7 {[%clk 0:04:50]} Be7 {[%clk 0:00:18]} 42. Kg2 {[%clk
0:04:53]} a4 {[%clk 0:00:11]} 43. Kf3 {[%clk 0:04:45]} a3 {[%clk 0:00:22]} 44.
Ke4 {[%clk 0:04:48]} Kf8 {[%clk 0:00:16]} 45. Qc8 {[%clk 0:04:43]} Kg8 {[%clk
0:00:18]} 46. f4 {[%clk 0:04:46]} h5 {[%clk 0:00:17]} 47. Kd4 {[%clk 0:04:38]}
Kf8 {[%clk 0:00:22]} 48. Kc4 {[%clk 0:04:41]} Kg8 {[%clk 0:00:26]} 49. Kb5 {[%clk
0:04:45]} Kf8 {[%clk 0:00:30]} 50. Kc6 {[%clk 0:04:48]} Kg8 {[%clk 0:00:22]} 51.
Kc7 {[%clk 0:04:51]} 1-0

[Event "Campeonato de España Rapid 2017"]
[Site "Linares"]
[Date "2017.08.13"]
[Round "5"]
[White "Torrado Quintela, Julio"]
[Black "Moreno Ruiz, Javier"]
[Result "0-1"]
[Board "16"]
[WhiteElo "2240"]
[WhiteCountry "ESP"]
[WhiteFideId "2218496"]
[WhiteEloChange "-4"]
[BlackTitle "IM"]
[BlackElo "2471"]
[BlackCountry "ESP"]
[BlackFideId "2203146"]
[BlackEloChange "2"]

1. e4 {[%clk 0:15:07]} e6 {[%clk 0:15:08]} 2. d4 {[%clk 0:15:10]} d5 {[%clk
0:15:11]} 3. Nd2 {[%clk 0:15:13]} Nf6 {[%clk 0:15:15]} 4. e5 {[%clk 0:15:15]}
Nfd7 {[%clk 0:15:18]} 5. Bd3 {[%clk 0:15:18]} c5 {[%clk 0:15:22]} 6. c3 {[%clk
0:15:21]} Nc6 {[%clk 0:15:26]} 7. Ndf3 {[%clk 0:15:23]} cxd4 {[%clk 0:15:27]} 8.
cxd4 {[%clk 0:15:27]} f6 {[%clk 0:15:30]} 9. exf6 {[%clk 0:15:31]} Nxf6 {[%clk
0:15:34]} 10. Nh3 {[%clk 0:15:34]} Bb4+ {[%clk 0:15:09]} 11. Bd2 {[%clk 0:15:31]}
Qa5 {[%clk 0:15:12]} 12. a3 {[%clk 0:14:19]} Bxd2+ {[%clk 0:15:07]} 13. Qxd2
{[%clk 0:14:22]} Qxd2+ {[%clk 0:15:05]} 14. Kxd2 {[%clk 0:14:26]} O-O {[%clk
0:15:05]} 15. Bb5 {[%clk 0:11:54]} Ne4+ {[%clk 0:11:34]} 16. Ke3 {[%clk 0:11:51]}
e5 {[%clk 0:10:36]} 17. Bxc6 {[%clk 0:11:53]} bxc6 {[%clk 0:09:38]} 18. dxe5
{[%clk 0:08:45]} Bxh3 {[%clk 0:09:10]} 19. gxh3 {[%clk 0:08:49]} Rf5 {[%clk
0:08:19]} 20. Rhf1 {[%clk 0:07:58]} c5 {[%clk 0:06:32]} 21. Rad1 {[%clk 0:08:02]}
Raf8 {[%clk 0:06:33]} 22. Nh4 {[%clk 0:05:41]} Rxe5 {[%clk 0:05:50]} 23. f4
{[%clk 0:05:45]} Rh5 {[%clk 0:05:40]} 24. Nf3 {[%clk 0:05:49]} Nf6 {[%clk
0:03:20]} 25. b4 {[%clk 0:05:00]} d4+ {[%clk 0:03:01]} 26. Kf2 {[%clk 0:04:25]}
Ne4+ {[%clk 0:02:58]} 27. Kg2 {[%clk 0:04:29]} Nc3 {[%clk 0:02:47]} 28. Rd2
{[%clk 0:03:58]} Nd5 {[%clk 0:02:46]} 29. bxc5 {[%clk 0:03:53]} Ne3+ {[%clk
0:02:49]} 30. Kf2 {[%clk 0:03:52]} Nxf1 {[%clk 0:02:52]} 31. Kxf1 {[%clk
0:03:56]} Rxf4 {[%clk 0:02:50]} 32. Kg2 {[%clk 0:03:49]} Rxc5 {[%clk 0:02:49]}
33. Kg3 {[%clk 0:03:37]} Re4 {[%clk 0:02:50]} 34. Rb2 {[%clk 0:03:31]} Rc3 {[%clk
0:02:19]} 35. Kg2 {[%clk 0:03:22]} h6 {[%clk 0:02:11]} 36. Rb8+ {[%clk 0:03:23]}
Kh7 {[%clk 0:02:15]} 37. Rd8 {[%clk 0:03:27]} Re2+ {[%clk 0:02:10]} 38. Kf1
{[%clk 0:03:21]} Ra2 {[%clk 0:02:12]} 0-1

[Event "Campeonato de España Rapid 2017"]
[Site "Linares"]
[Date "2017.08.13"]
[Round "5"]
[White "Silva Rodriguez, Fernando"]
[Black "Almagro Llamas, Pablo"]
[Result "1/2-1/2"]
[Board "17"]
[WhiteElo "2231"]
[WhiteCountry "ESP"]
[WhiteFideId "2215268"]
[WhiteEloChange "6"]
[BlackTitle "IM"]
[BlackElo "2446"]
[BlackCountry "ESP"]
[BlackFideId "2221799"]
[BlackEloChange "-3"]

1. d4 {[%clk 0:15:05]} Nf6 {[%clk 0:15:05]} 2. c4 {[%clk 0:15:05]} e6 {[%clk
0:15:05]} 3. Nf3 {[%clk 0:15:05]} b6 {[%clk 0:15:05]} 4. g3 {[%clk 0:15:05]} Ba6
{[%clk 0:15:05]} 5. Nbd2 {[%clk 0:15:05]} Bb4 {[%clk 0:15:05]} 6. Qc2 {[%clk
0:15:05]} Bb7 {[%clk 0:15:05]} 7. Bg2 {[%clk 0:15:05]} Be4 {[%clk 0:14:58]} 8.
Qd1 {[%clk 0:14:48]} Bxd2+ {[%clk 0:14:48]} 9. Qxd2 {[%clk 0:14:40]} d5 {[%clk
0:14:40]} 10. b3 {[%clk 0:14:33]} O-O {[%clk 0:14:23]} 11. O-O {[%clk 0:14:33]}
Nbd7 {[%clk 0:14:17]} 12. Bb2 {[%clk 0:14:15]} Qe7 {[%clk 0:13:02]} 13. Qe3
{[%clk 0:13:22]} Rfe8 {[%clk 0:11:56]} 14. Bh3 {[%clk 0:13:15]} c5 {[%clk
0:10:11]} 15. Ne5 {[%clk 0:10:19]} Bf5 {[%clk 0:07:37]} 16. Bg2 {[%clk 0:09:06]}
Rac8 {[%clk 0:07:31]} 17. Rac1 {[%clk 0:08:36]} cxd4 {[%clk 0:06:40]} 18. Qxd4
{[%clk 0:08:06]} Nxe5 {[%clk 0:06:40]} 19. Qxe5 {[%clk 0:08:00]} dxc4 {[%clk
0:06:40]} 20. Rxc4 {[%clk 0:06:32]} Rxc4 {[%clk 0:06:34]} 21. bxc4 {[%clk
0:06:32]} Rc8 {[%clk 0:05:30]} 22. Rc1 {[%clk 0:06:26]} Ne8 {[%clk 0:04:50]} 23.
Qd4 {[%clk 0:05:45]} f6 {[%clk 0:03:45]} 24. e3 {[%clk 0:02:21]} Nc7 {[%clk
0:02:53]} 25. c5 {[%clk 0:01:40]} Nb5 {[%clk 0:02:53]} 26. Qa4 {[%clk 0:01:21]}
Rxc5 {[%clk 0:02:53]} 27. Rxc5 {[%clk 0:00:30]} Qxc5 {[%clk 0:02:53]} 28. Bf1
{[%clk 0:00:30]} Nd6 {[%clk 0:02:53]} 29. Ba3 {[%clk 0:00:02]} Qc7 {[%clk
0:02:53]} 30. Bxd6 {[%clk 0:00:02]} Qxd6 {[%clk 0:02:53]} 31. Qxa7 h5 {[%clk
0:02:47]} 32. h4 Be4 {[%clk 0:02:40]} 33. Qa4 Bc6 {[%clk 0:02:40]} 34. Bb5 Bb7
{[%clk 0:02:40]} 35. Ba6 Bc6 {[%clk 0:02:40]} 36. Bb5 Bf3 {[%clk 0:02:34]} 37.
Bf1 Kh7 {[%clk 0:02:27]} 38. Qc2+ Kh6 {[%clk 0:02:21]} 39. Bg2 Bxg2 {[%clk
0:02:21]} 40. Kxg2 Qd5+ {[%clk 0:02:21]} 41. e4 Qd4 {[%clk 0:02:21]} 42. Kf3 e5
{[%clk 0:02:14]} 43. Qe2 Kh7 {[%clk 0:02:07]} 44. Qe3 Qc4 {[%clk 0:02:01]} 45.
Qxb6 Qxa2 {[%clk 0:02:01]} 46. Qe3 1/2-1/2

[Event "Campeonato de España Rapid 2017"]
[Site "Linares"]
[Date "2017.08.13"]
[Round "5"]
[White "Rubio Mejia, Luis Ignacio"]
[Black "Saez, Frederic"]
[Result "1-0"]
[Board "18"]
[WhiteTitle "IM"]
[WhiteElo "2437"]
[WhiteCountry "ESP"]
[WhiteFideId "2281228"]
[WhiteEloChange "2"]
[BlackTitle "FM"]
[BlackElo "2233"]
[BlackCountry "FRA"]
[BlackFideId "614076"]
[BlackEloChange "-5"]

1. d4 {[%clk 0:15:08]} Nf6 {[%clk 0:15:08]} 2. c4 {[%clk 0:15:12]} e6 {[%clk
0:15:11]} 3. Nc3 {[%clk 0:15:13]} d5 {[%clk 0:15:12]} 4. cxd5 {[%clk 0:15:16]}
exd5 {[%clk 0:15:15]} 5. Bg5 {[%clk 0:15:19]} c6 {[%clk 0:14:51]} 6. e3 {[%clk
0:15:21]} Nbd7 {[%clk 0:14:46]} 7. Bd3 {[%clk 0:15:14]} h6 {[%clk 0:14:47]} 8.
Bh4 {[%clk 0:15:16]} g5 {[%clk 0:14:07]} 9. Bg3 {[%clk 0:15:18]} Bg7 {[%clk
0:14:08]} 10. h4 {[%clk 0:14:03]} g4 {[%clk 0:13:14]} 11. h5 {[%clk 0:13:52]} Nf8
{[%clk 0:12:18]} 12. Nge2 {[%clk 0:13:47]} Ne6 {[%clk 0:12:18]} 13. Be5 {[%clk
0:13:20]} Ng8 {[%clk 0:11:35]} 14. Bxg7 {[%clk 0:13:12]} Nxg7 {[%clk 0:11:39]}
15. Ng3 {[%clk 0:09:28]} Nf6 {[%clk 0:10:59]} 16. Qc2 {[%clk 0:09:04]} Be6 {[%clk
0:10:54]} 17. O-O-O {[%clk 0:09:04]} Qd6 {[%clk 0:10:00]} 18. Qa4 {[%clk
0:05:46]} O-O {[%clk 0:09:31]} 19. Kb1 {[%clk 0:05:44]} Rfc8 {[%clk 0:08:36]} 20.
Rc1 {[%clk 0:05:08]} Qd7 {[%clk 0:07:41]} 21. f3 {[%clk 0:02:04]} Nf5 {[%clk
0:07:39]} 22. Bxf5 {[%clk 0:01:36]} Bxf5+ {[%clk 0:07:42]} 23. Ka1 {[%clk
0:01:04]} Re8 {[%clk 0:07:37]} 24. Rhe1 {[%clk 0:00:46]} Bh7 {[%clk 0:07:27]} 25.
e4 {[%clk 0:00:47]} dxe4 {[%clk 0:07:01]} 26. fxe4 {[%clk 0:00:51]} b5 {[%clk
0:06:20]} 27. Qb4 {[%clk 0:00:44]} Rad8 {[%clk 0:05:24]} 28. e5 {[%clk 0:00:44]}
Nd5 {[%clk 0:04:16]} 29. Qc5 {[%clk 0:00:48]} Nxc3 {[%clk 0:02:22]} 30. bxc3
{[%clk 0:00:52]} Qd5 {[%clk 0:02:26]} 31. Qxd5 {[%clk 0:00:46]} cxd5 {[%clk
0:02:29]} 32. Nf1 {[%clk 0:00:23]} Kh8 {[%clk 0:00:59]} 33. Ne3 {[%clk 0:00:20]}
Rg8 {[%clk 0:01:02]} 34. Rf1 {[%clk 0:00:23]} Rd7 {[%clk 0:00:52]} 35. Rf6 {[%clk
0:00:20]} Rg5 {[%clk 0:00:54]} 36. Rxh6 {[%clk 0:00:19]} Kg7 {[%clk 0:00:58]} 37.
Rf6 {[%clk 0:00:09]} Rxh5 {[%clk 0:00:54]} 38. Nxg4 {[%clk 0:00:10]} Rg5 {[%clk
0:00:58]} 39. Ne3 {[%clk 0:00:11]} Be4 {[%clk 0:01:01]} 40. Kb2 {[%clk 0:00:08]}
Rg3 {[%clk 0:01:04]} 41. Re1 {[%clk 0:00:10]} Rd8 {[%clk 0:00:32]} 42. Rf4 {[%clk
0:00:12]} Rh8 {[%clk 0:00:27]} 43. Rxe4 {[%clk 0:00:15]} Kg6 {[%clk 0:00:14]} 44.
Nxd5 {[%clk 0:00:13]} Rxg2+ {[%clk 0:00:17]} 45. R4e2 {[%clk 0:00:16]} Rg3 {[%clk
0:00:21]} 46. Rf2 {[%clk 0:00:17]} Rhh3 {[%clk 0:00:23]} 47. Nf4+ {[%clk
0:00:17]} 1-0

[Event "Campeonato de España Rapid 2017"]
[Site "Linares"]
[Date "2017.08.13"]
[Round "5"]
[White "Perez Mitjans, Orelvis"]
[Black "Sanchez Jimenez, Juan Carlos"]
[Result "1-0"]
[Board "19"]
[WhiteTitle "GM"]
[WhiteElo "2435"]
[WhiteCountry "ESP"]
[WhiteFideId "3502856"]
[WhiteEloChange "2"]
[BlackTitle "FM"]
[BlackElo "2217"]
[BlackCountry "ESP"]
[BlackFideId "2206331"]
[BlackEloChange "-4"]

1. e4 {[%clk 0:14:56]} e6 {[%clk 0:15:09]} 2. d4 {[%clk 0:14:33]} d5 {[%clk
0:15:01]} 3. e5 {[%clk 0:14:33]} c5 {[%clk 0:15:01]} 4. c3 {[%clk 0:14:08]} Qb6
{[%clk 0:15:15]} 5. Nf3 {[%clk 0:14:08]} Nc6 {[%clk 0:15:19]} 6. Bd3 {[%clk
0:13:58]} cxd4 {[%clk 0:15:17]} 7. cxd4 {[%clk 0:14:01]} Bd7 {[%clk 0:15:20]} 8.
Nc3 {[%clk 0:13:40]} Nxd4 {[%clk 0:15:10]} 9. Nxd4 {[%clk 0:13:44]} Qxd4 {[%clk
0:15:12]} 10. O-O {[%clk 0:13:48]} a6 {[%clk 0:15:15]} 11. Qf3 {[%clk 0:13:51]}
Ne7 {[%clk 0:11:27]} 12. Rd1 {[%clk 0:13:54]} Nc6 {[%clk 0:09:23]} 13. Bg6 {[%clk
0:11:33]} Qxd1+ {[%clk 0:05:23]} 14. Qxd1 {[%clk 0:11:33]} hxg6 {[%clk 0:04:41]}
15. Bf4 {[%clk 0:09:47]} Bc5 {[%clk 0:03:21]} 16. Rc1 {[%clk 0:09:50]} Ba7 {[%clk
0:03:24]} 17. Na4 {[%clk 0:09:44]} Rc8 {[%clk 0:02:26]} 18. Nc5 {[%clk 0:08:58]}
Rc7 {[%clk 0:01:19]} 19. Be3 {[%clk 0:07:39]} O-O {[%clk 0:00:34]} 20. f4 {[%clk
0:07:26]} d4 {[%clk 0:00:30]} 21. Bf2 {[%clk 0:07:17]} Bc8 {[%clk 0:00:12]} 22.
Ne4 {[%clk 0:07:13]} Rd8 {[%clk 0:00:06]} 23. h4 {[%clk 0:07:05]} Bb8 24. h5
{[%clk 0:07:05]} Ne7 {[%clk 0:00:09]} 25. Bh4 {[%clk 0:06:35]} Rxc1 {[%clk
0:00:06]} 26. Qxc1 {[%clk 0:06:39]} Ba7 27. Bxe7 {[%clk 0:06:38]} d3+ {[%clk
0:00:09]} 28. Kh2 {[%clk 0:06:33]} 1-0

[Event "Campeonato de España Rapid 2017"]
[Site "Linares"]
[Date "2017.08.13"]
[Round "5"]
[White "Bernal Moro, Luis Javier"]
[Black "Vinuela Diaz, Saul"]
[Result "1-0"]
[Board "21"]
[WhiteTitle "IM"]
[WhiteElo "2434"]
[WhiteCountry "ESP"]
[WhiteFideId "2200236"]
[WhiteEloChange "2"]
[BlackElo "2216"]
[BlackCountry "ESP"]
[BlackFideId "2239639"]
[BlackEloChange "-4"]

1. c4 {[%clk 0:15:05]} Nf6 {[%clk 0:15:05]} 2. Nc3 {[%clk 0:15:05]} e6 {[%clk
0:15:05]} 3. e4 {[%clk 0:15:07]} c5 {[%clk 0:15:09]} 4. Nf3 {[%clk 0:15:11]} d6
{[%clk 0:15:11]} 5. d4 {[%clk 0:15:15]} cxd4 {[%clk 0:13:10]} 6. Nxd4 {[%clk
0:14:47]} Be7 {[%clk 0:13:13]} 7. Bd3 {[%clk 0:14:25]} O-O {[%clk 0:13:04]} 8.
O-O {[%clk 0:14:28]} b6 {[%clk 0:13:05]} 9. f4 {[%clk 0:14:20]} Bb7 {[%clk
0:13:05]} 10. Qe2 {[%clk 0:14:19]} Nbd7 {[%clk 0:12:32]} 11. b3 {[%clk 0:14:13]}
a6 {[%clk 0:12:20]} 12. Bb2 {[%clk 0:14:06]} Qc7 {[%clk 0:12:20]} 13. Rae1 {[%clk
0:13:49]} Rfd8 {[%clk 0:12:09]} 14. Kh1 {[%clk 0:13:26]} Rac8 {[%clk 0:11:38]}
15. b4 {[%clk 0:11:20]} Qb8 {[%clk 0:09:58]} 16. a3 {[%clk 0:11:20]} Qa8 {[%clk
0:09:36]} 17. Nf3 {[%clk 0:09:13]} h5 {[%clk 0:08:20]} 18. Nd1 {[%clk 0:07:07]}
b5 {[%clk 0:06:52]} 19. cxb5 {[%clk 0:07:10]} axb5 {[%clk 0:06:56]} 20. Nc3
{[%clk 0:07:00]} e5 {[%clk 0:05:57]} 21. fxe5 {[%clk 0:06:31]} Nxe5 {[%clk
0:05:57]} 22. Bxb5 {[%clk 0:06:10]} Rxc3 {[%clk 0:04:04]} 23. Bxc3 {[%clk
0:06:14]} Nxe4 {[%clk 0:04:08]} 24. Bb2 {[%clk 0:04:23]} Nxf3 {[%clk 0:03:45]}
25. Rxf3 {[%clk 0:03:59]} h4 {[%clk 0:03:15]} 26. Bd3 {[%clk 0:03:42]} Ng5 {[%clk
0:01:37]} 27. Qxe7 {[%clk 0:03:38]} Nxf3 {[%clk 0:01:34]} 28. gxf3 {[%clk
0:03:35]} Bxf3+ {[%clk 0:01:36]} 29. Kg1 {[%clk 0:03:39]} Bd5 {[%clk 0:00:44]}
30. Qg5 {[%clk 0:02:56]} Qa7+ {[%clk 0:00:43]} 31. Kf1 {[%clk 0:02:59]} f6 {[%clk
0:00:44]} 32. Qxd5+ {[%clk 0:02:59]} 1-0

[Event "Campeonato de España Rapid 2017"]
[Site "Linares"]
[Date "2017.08.13"]
[Round "5"]
[White "Llobell Cortell, Enrique"]
[Black "Fernandez Rodriguez, Jose A."]
[Result "1-0"]
[Board "22"]
[WhiteTitle "IM"]
[WhiteElo "2410"]
[WhiteCountry "ESP"]
[WhiteFideId "2216116"]
[WhiteEloChange "1"]
[BlackElo "2107"]
[BlackCountry "ESP"]
[BlackFideId "2276771"]
[BlackEloChange "-3"]

1. e4 {[%clk 0:14:10]} d5 {[%clk 0:15:06]} 2. exd5 {[%clk 0:14:13]} Qxd5 {[%clk
0:15:09]} 3. Nc3 {[%clk 0:14:09]} Qd6 {[%clk 0:15:12]} 4. d4 {[%clk 0:14:09]} Nf6
{[%clk 0:15:15]} 5. Nf3 {[%clk 0:14:05]} Bg4 {[%clk 0:15:16]} 6. h3 {[%clk
0:13:25]} Bxf3 {[%clk 0:15:08]} 7. Qxf3 {[%clk 0:13:29]} c6 {[%clk 0:15:11]} 8.
Be3 {[%clk 0:11:57]} e6 {[%clk 0:15:13]} 9. O-O-O {[%clk 0:11:49]} Nbd7 {[%clk
0:15:16]} 10. g4 {[%clk 0:11:25]} Be7 {[%clk 0:15:10]} 11. g5 {[%clk 0:10:53]}
Nd5 {[%clk 0:15:12]} 12. Ne4 {[%clk 0:10:57]} Qb4 {[%clk 0:15:07]} 13. h4 {[%clk
0:10:50]} Qa4 {[%clk 0:15:02]} 14. a3 {[%clk 0:10:11]} Rf8 {[%clk 0:12:48]} 15.
c4 {[%clk 0:08:57]} Nxe3 {[%clk 0:12:11]} 16. Qxe3 {[%clk 0:08:59]} O-O-O {[%clk
0:12:12]} 17. d5 {[%clk 0:08:39]} exd5 {[%clk 0:12:00]} 18. Nc3 {[%clk 0:08:14]}
d4 {[%clk 0:10:57]} 19. Rxd4 {[%clk 0:08:07]} Qb3 {[%clk 0:10:49]} 20. Qxe7
{[%clk 0:07:39]} Rfe8 {[%clk 0:10:53]} 21. Qd6 {[%clk 0:06:48]} Re6 {[%clk
0:10:03]} 22. Qb4 {[%clk 0:05:40]} 1-0

[Event "Campeonato de España Rapid 2017"]
[Site "Linares"]
[Date "2017.08.13"]
[Round "5"]
[White "Teran Alvarez, Ismael"]
[Black "Sanjuan Garcia, Miguel"]
[Result "1-0"]
[Board "24"]
[WhiteTitle "IM"]
[WhiteElo "2397"]
[WhiteCountry "ESP"]
[WhiteFideId "2204177"]
[WhiteEloChange "2"]
[BlackElo "2048"]
[BlackCountry "ESP"]
[BlackFideId "2210584"]
[BlackEloChange "-2"]

1. e4 {[%clk 0:15:09]} c5 {[%clk 0:15:09]} 2. Nf3 {[%clk 0:15:12]} e6 {[%clk
0:15:12]} 3. d3 {[%clk 0:15:15]} Nf6 {[%clk 0:15:12]} 4. g3 {[%clk 0:15:17]} b6
{[%clk 0:15:16]} 5. Bg2 {[%clk 0:15:19]} Bb7 {[%clk 0:15:20]} 6. O-O {[%clk
0:15:22]} Be7 {[%clk 0:15:24]} 7. Re1 {[%clk 0:15:11]} O-O {[%clk 0:15:26]} 8. c3
{[%clk 0:15:11]} Nc6 {[%clk 0:15:17]} 9. Nbd2 {[%clk 0:14:58]} Rc8 {[%clk
0:15:14]} 10. e5 {[%clk 0:13:45]} Nd5 {[%clk 0:14:46]} 11. Ne4 {[%clk 0:13:34]}
f5 {[%clk 0:14:33]} 12. exf6 {[%clk 0:13:36]} Nxf6 {[%clk 0:14:37]} 13. Bf4
{[%clk 0:12:18]} Ba8 {[%clk 0:12:25]} 14. Nd6 {[%clk 0:10:29]} Rb8 {[%clk
0:11:54]} 15. Nc4 {[%clk 0:09:25]} Rc8 {[%clk 0:11:50]} 16. a4 {[%clk 0:09:10]}
Nd5 {[%clk 0:11:49]} 17. Bd6 {[%clk 0:09:01]} Qe8 {[%clk 0:11:10]} 18. Nfd2
{[%clk 0:08:25]} Nd8 {[%clk 0:10:35]} 19. Ne4 {[%clk 0:07:42]} Nf7 {[%clk
0:10:11]} 20. Qg4 {[%clk 0:07:16]} Nh6 {[%clk 0:10:07]} 21. Qe2 {[%clk 0:07:13]}
Nf5 {[%clk 0:10:11]} 22. Bh3 {[%clk 0:06:58]} Rc6 {[%clk 0:09:33]} 23. Bxe7
{[%clk 0:06:49]} Ndxe7 {[%clk 0:09:16]} 24. Ne5 {[%clk 0:06:37]} Rc7 {[%clk
0:08:23]} 25. f4 {[%clk 0:06:12]} Nd5 {[%clk 0:07:51]} 26. Nc4 {[%clk 0:05:57]}
Qg6 {[%clk 0:07:33]} 27. Bg4 {[%clk 0:05:54]} Nf6 {[%clk 0:05:15]} 28. Ne5 {[%clk
0:04:39]} Qh6 {[%clk 0:05:19]} 29. Bf3 {[%clk 0:04:14]} Nd5 {[%clk 0:03:28]} 30.
Ng5 {[%clk 0:03:44]} Rf6 {[%clk 0:02:28]} 31. Ng4 {[%clk 0:03:10]} Qg6 {[%clk
0:02:33]} 32. c4 {[%clk 0:03:08]} Nd4 {[%clk 0:02:27]} 33. Qf2 {[%clk 0:01:49]}
Nxf3+ {[%clk 0:02:28]} 34. Qxf3 {[%clk 0:01:45]} Qxg5 {[%clk 0:01:54]} 35. Nxf6+
{[%clk 0:01:16]} Qxf6 {[%clk 0:01:57]} 36. cxd5 {[%clk 0:01:15]} Bxd5 {[%clk
0:01:59]} 37. Qf2 {[%clk 0:01:08]} Qf5 {[%clk 0:01:49]} 38. Re3 {[%clk 0:01:11]}
Rc8 {[%clk 0:01:41]} 39. a5 {[%clk 0:01:04]} b5 {[%clk 0:01:42]} 40. Rd1 {[%clk
0:00:53]} Qh5 {[%clk 0:01:39]} 41. Rde1 {[%clk 0:00:55]} Qh3 {[%clk 0:01:32]} 42.
Re5 {[%clk 0:00:49]} Bb7 {[%clk 0:01:13]} 43. Rg5 {[%clk 0:00:37]} d6 {[%clk
0:00:33]} 44. Qe2 {[%clk 0:00:33]} Re8 {[%clk 0:00:31]} 45. Rh5 {[%clk 0:00:35]}
1-0

[Event "Campeonato de España Rapid 2017"]
[Site "Linares"]
[Date "2017.08.13"]
[Round "5"]
[White "Gines Esteo, Pedro Antonio"]
[Black "Ladron De Guevara Pinto, Paolo"]
[Result "0-1"]
[Board "25"]
[WhiteTitle "FM"]
[WhiteElo "1986"]
[WhiteCountry "ESP"]
[WhiteFideId "32080190"]
[WhiteEloChange "-2"]
[BlackTitle "FM"]
[BlackElo "2368"]
[BlackCountry "ESP"]
[BlackFideId "2290847"]
[BlackEloChange "2"]

1. d4 {[%clk 0:15:07]} d5 {[%clk 0:15:09]} 2. Nf3 {[%clk 0:15:09]} Nf6 {[%clk
0:15:11]} 3. c4 {[%clk 0:15:09]} c6 {[%clk 0:15:15]} 4. e3 {[%clk 0:15:15]} Bf5
{[%clk 0:15:16]} 5. Nc3 {[%clk 0:15:18]} e6 {[%clk 0:15:19]} 6. Nh4 {[%clk
0:15:21]} Be4 {[%clk 0:15:22]} 7. f3 {[%clk 0:15:24]} Bg6 {[%clk 0:15:26]} 8. Qb3
{[%clk 0:15:27]} Qc7 {[%clk 0:15:29]} 9. Nxg6 {[%clk 0:15:23]} hxg6 {[%clk
0:15:32]} 10. Bd2 {[%clk 0:14:34]} a6 {[%clk 0:15:35]} 11. c5 {[%clk 0:14:34]} e5
{[%clk 0:15:31]} 12. O-O-O {[%clk 0:14:23]} Be7 {[%clk 0:15:33]} 13. Na4 {[%clk
0:13:43]} Nbd7 {[%clk 0:15:21]} 14. Be2 {[%clk 0:13:42]} O-O-O {[%clk 0:13:40]}
15. Be1 {[%clk 0:12:31]} exd4 {[%clk 0:11:29]} 16. Bg3 {[%clk 0:11:09]} Qa5
{[%clk 0:11:32]} 17. exd4 {[%clk 0:11:13]} Nh5 {[%clk 0:11:36]} 18. Be1 {[%clk
0:11:14]} Qc7 {[%clk 0:11:40]} 19. Kb1 {[%clk 0:10:47]} Rde8 {[%clk 0:11:25]} 20.
Bd3 {[%clk 0:10:02]} Nf4 {[%clk 0:11:24]} 21. Bg3 {[%clk 0:10:01]} Bd8 {[%clk
0:07:57]} 22. Nc3 {[%clk 0:06:55]} g5 {[%clk 0:07:07]} 23. Ne2 {[%clk 0:06:32]}
Qb8 {[%clk 0:06:41]} 24. h4 {[%clk 0:03:15]} Bc7 {[%clk 0:06:44]} 25. Nxf4 {[%clk
0:03:18]} Bxf4 {[%clk 0:06:43]} 26. Bf2 {[%clk 0:03:19]} gxh4 {[%clk 0:06:16]}
27. Rxh4 {[%clk 0:03:17]} Rxh4 {[%clk 0:06:09]} 28. Bxh4 {[%clk 0:03:21]} g6
{[%clk 0:06:20]} 29. Qc3 {[%clk 0:03:10]} Bg3 {[%clk 0:06:03]} 30. Bg5 {[%clk
0:02:35]} Nf8 {[%clk 0:05:43]} 31. Rh1 {[%clk 0:01:48]} Ne6 {[%clk 0:05:47]} 32.
Bc1 {[%clk 0:01:52]} Bf2 {[%clk 0:05:45]} 33. Rh7 {[%clk 0:01:47]} Bxd4 {[%clk
0:05:48]} 34. Qc2 {[%clk 0:01:47]} Bg7 {[%clk 0:03:25]} 35. Rh4 {[%clk 0:00:39]}
Qc7 {[%clk 0:02:29]} 36. Bd2 {[%clk 0:00:39]} Qg3 {[%clk 0:01:57]} 37. Rg4 {[%clk
0:00:41]} Qf2 {[%clk 0:01:58]} 38. b4 {[%clk 0:00:20]} Nd4 {[%clk 0:01:51]} 39.
Qd1 {[%clk 0:00:21]} Nb5 {[%clk 0:01:50]} 40. Kc2 {[%clk 0:00:12]} Re7 {[%clk
0:01:27]} 41. a4 {[%clk 0:00:15]} Nd4+ {[%clk 0:01:20]} 42. Kb1 {[%clk 0:00:17]}
Nb3 {[%clk 0:01:19]} 43. Kc2 {[%clk 0:00:21]} Nxd2 {[%clk 0:01:06]} 44. Qxd2
{[%clk 0:00:25]} Qg1 {[%clk 0:01:10]} 45. Rh4 {[%clk 0:00:20]} Qa1 {[%clk
0:01:10]} 46. b5 {[%clk 0:00:10]} Re1 {[%clk 0:01:14]} 47. Qa5 {[%clk 0:00:09]}
Qb1+ {[%clk 0:01:14]} 48. Kd2 {[%clk 0:00:11]} Qc1# {[%clk 0:01:17]} 0-1